| 000 | 00617 a2200193 4500 | ||
|---|---|---|---|
| 010 | _aENG-85468 | ||
| 020 |
_a818314053X _c30.00 |
||
| 035 | _aEN-69001 | ||
| 037 | _bD.B.Act / Pub | ||
| 082 | 1 | 4 | _a270 |
| 090 |
_c2779 _d2779 |
||
| 100 | 1 | _aNaik, Zakir | |
| 245 | 1 |
_aAnswer to non-muslim's common questions about Islam _cby Zakir, Naik |
|
| 260 |
_aNew Delhi _bAL Hasnat Books _c2006 |
||
| 270 |
_a2241, Kucha Chelan, Darya Ganj, _bNew Delhi _e110 002 |
||
| 300 |
_a76 p. _c22 cm (Pbk.) |
||
| 942 |
_adpl _cEN _k270 / NAI |
||
| 999 |
_c2726 _d2726 |
||